March 8 : the day Malaysia woke up
| Main Author: | |
|---|---|
| Format: | Book |
| Published: |
Selangor :
Marshall Cavendish ,
2008
|
| Subjects: |
MARC
| LEADER | 00000cam a2200000 7i4500 | ||
|---|---|---|---|
| 001 | 0000025017 | ||
| 005 | 20090203.0 | ||
| 008 | 090203 | ||
| 020 | |a 9673035113 | ||
| 090 | 0 | 0 | |a 320.9595 |b KEE |
| 100 | 0 | |a Kee, Thuan Chye | |
| 245 | 1 | 0 | |a March 8 : |b the day Malaysia woke up |c Kee Thuan Chye |
| 260 | |a Selangor : |b Marshall Cavendish , |c 2008 | ||
| 650 | 0 | |a Malaysia |x Politics and goverment | |
| 999 | |a 0001039496 |b Book |c Adult Collection |e Perbadanan Perpustakaan Awam Johor | ||